000
00330nam a2200145Ia 4500
008
150201s2004 xx 000 0 und d
082
_a
610.7368
_b
P04B
100
_a
BHATIA , M.S.
245
_a
PSYCHIATRIS NURSING
250
_a
3RD
260
_b
CBS
_a
DELHI
_c
2004
300
_a
319
650
_a
PSYCHIATRY
942
_2
ddc
_c
BK
_0
4
999
_c
1886
_d
1886